000 00540nam a2200193Ia 4500
005 20250326140858.0
008 250326s9999 xx 000 0 und d
020 _a0-13-328667-3
037 _aTextbook
040 _aFMSL
_beng
_cFMSL
041 _aeng
_2eng
084 _aX:51 N8
_qFMSL
100 _aJhonson M D
_9743264
245 0 _aCustomer orientation and market action
_cJhonson M D
260 _aNew Jersey
_bNew Jersey, Prentice-Hall
_c1998
300 _a183p
942 _cTB
_hX:51 N8
999 _c1287707
_d1287707